| 000 | 00413nam a2200145Ia 4500 | ||
|---|---|---|---|
| 005 | 20251222153632.0 | ||
| 008 | 251222s9999||||xx |||||||||||||| ||spa|| | ||
| 020 | _a9972511154 | ||
| 082 | _a301.243/L22 | ||
| 100 | _aLanda Vásquez, Ladislao | ||
| 245 | 0 | _aNos Llaman y Entramos. Los Modos de Participación en el Espacio Rural: | |
| 250 | _a1ra. ed. | ||
| 264 | _bInstituto de Estudios Peruanos | ||
| 942 | _cLIB | ||
| 999 |
_c32386 _d32386 |
||